[Event "75th ARM-ch Women 2020"]
[Site "Yerevan"]
[Date "2020.01.17"]
[Round "6.4"]
[White "Ambarjyan, Tereza"]
[Black "Gaboyan, Susanna"]
[Result "0-1"]
[WhiteElo "1514"]
[BlackElo "2205"]
[Annotator "TA"]
[PlyCount "74"]
[EventDate "2020.01.12"]
[EventType "tourn"]
[EventCountry "ARM"]
[SourceTitle "playchess.com"]
[Source "ChessBase"]
[SourceQuality "1"]

{[%evp 11,74,43,39,14,9,12,5,6,47,36,66,62,70,50,85,75,81,76,75,82,83,66,77,55,60,47,91,89,118,71,79,56,177,108,112,101,103,85,105,49,43,0,0,12,80,-112,68,-113,142,50,199,193,350,89,78,-19,-22,-16,-14,-141,-89,-1884,-1800,-29968,-1222]} 1. d4 Nf6 2. c4 g6 3. Nc3 d5 4. cxd5 Nxd5 5. e4 Nxc3 6. bxc3 Bg7 7. Bg5 {D85: Exchange Grünfeld: Unusual White 7th moves and lines with 7 Nf3} (7. Bc4 c5 8. Ne2 O-O 9. Be3 Nc6 10. h4 Qa5 11. O-O Rd8 12. Qb3 e6 13. d5 exd5 14. Bxd5 Ne5 15. Rad1 c4 16. Qb1 Qc7 17. h5 Ng4 18. Bf4 {½-½ (30) Carlsen,M (2872)-Nepomniachtchi,I (2767) Moscow 2019}) 7... c5 8. Rc1 O-O {[%cal Rc5d4]} 9. Nf3 {The position is equal.} Qc7 10. Qd2 $146 ({Predecessor:} 10. Be2 Nc6 11. O-O Rd8 12. d5 Na5 13. c4 f6 14. Bh4 e5 {1-0 (65) Valles,M (2200)-Brest,J (1839) Marseille 2009}) 10... Rd8 11. Be2 Nc6 12. d5 f5 13. exf5 Bxf5 14. O-O Be4 15. c4 Bxf3 16. Bxf3 Nd4 17. Be4 Rf8 18. Rce1 Rae8 19. h4 Be5 20. Qd3 Kg7 21. g3 Rf7 (21... e6 $14) 22. Kg2 (22. h5 $1 $18) 22... Bf6 $16 23. Bf4 Qd7 24. Rh1 Kh8 25. Qd2 ({White should play} 25. h5 $16 g5 26. Bg6 {[%mdl 64] Skewer}) 25... Ref8 $14 26. Ref1 Bg7 27. Be3 Qg4 (27... Nf3 $11 28. Qd3 Qg4) 28. Qd3 $2 (28. f4 $1 $16 {is necessary to keep the advantage.}) 28... b6 $2 (28... Ne2 $17 {aiming for ...Rf4!} 29. Rh3 Rf3 $1 {[%mdl 512]} 30. Bxf3 Rxf3) 29. a4 $2 (29. Bxd4 $14 {stays ahead.} Bxd4 30. f4 $1 {[%mdl 512]}) 29... Nf5 $2 {[%mdl 8192]} (29... Ne2 $1 $17 {and life is bright. White must now prevent ...Rf4!} 30. Rh3 Rf3 $1 {[%mdl 512]} 31. Bxf3 Rxf3) 30. Bd2 (30. Bg5 $16) 30... Nd6 (30... Bd4 $14 31. Bxf5 Qxf5 32. Qxf5 Rxf5) 31. f3 $18 Qh5 $2 (31... Qd7) 32. Qe2 $2 (32. Bg5 $1 $18 {is the precise move to win.} Nxe4 33. Qxe4) 32... Qe5 $16 33. Bf4 ({White should try} 33. h5 $16 Nxe4 34. Qxe4 Qxe4 35. fxe4) 33... Rxf4 $11 34. gxf4 Rxf4 $40 {[%cal Rd6e4][%mdl 128] Black is up to no good.} 35. Re1 (35. Bd3 $1 $11 {was the only way to keep the balance.}) 35... Bf6 (35... Nxe4 $142 36. Qd3 {[%mdl 64] Pin} Rxh4 $1 {[%mdl 512]} 37. Rxe4 Qg5+ 38. Rg4 Rxg4+ 39. fxg4 Qxg4+ 40. Kf1 Bd4) 36. h5 $2 {[%mdl 8192]} (36. Bd3 $17 Qh5 37. Ref1) 36... Qg5+ $19 37. Kf2 Nxe4+ {Accuracy: White = 27%, Black = 41%.} (37... Bd4+ $142 38. Kf1 Nxe4 39. Qxe4 Qg3 40. Ke2 Qg2+ 41. Kd3 Rxf3+ 42. Qxf3 Qxf3+ 43. Kc2 Qc3+ {[%mdl 64] Double Attack} 44. Kd1 Qd3+ 45. Kc1 Qc3+ 46. Kd1 Qd3+ 47. Kc1 Bc3 48. Rh2 Bxe1 49. hxg6 Qxc4+ 50. Kb1 Qb3+ 51. Rb2 Qd1+ 52. Ka2 Qxa4+ 53. Kb1 Bc3 54. Kc1 {[#]} Qa3 $1 {[%mdl 576] Pin} 55. Kc2 Bxb2 56. Kd1 Qd3+ $1 {[%mdl 512]} 57. Ke1 Bd4 58. g7+ Kxg7 59. d6 Be3 60. dxe7 Qd2+ 61. Kf1 Qf2#) 0-1

[Event "75th ARM-ch Women 2020"]
[Site "Yerevan"]
[Date "2020.01.17"]
[Round "6.5"]
[White "Hakobyan, Astghik"]
[Black "Kursova, Maria"]
[Result "0-1"]
[WhiteElo "1917"]
[BlackElo "2241"]
[Annotator "TA"]
[PlyCount "88"]
[EventDate "2020.01.12"]
[EventType "tourn"]
[EventCountry "ARM"]
[SourceTitle "playchess.com"]
[Source "ChessBase"]
[SourceQuality "1"]

{[%evp 15,102,-55,-55,-59,-65,-65,-69,-72,-52,-67,-51,-90,-64,-79,-62,-79,-66,-77,-63,-78,-62,-68,-41,-36,-45,-50,-2,-40,-38,-39,-42,-58,-38,-156,-158,-142,-132,-112,-82,-70,-39,-42,-51,-48,-27,-27,-19,-19,-29,-27,-20,-30,-25,-351,-350,-375,-372,-364,-372,-371,-366,-331,-310,-408,-414,-402,-344,-395,-381,-397,-399,-366,-358,-326,-329,-387,-326,-379,-379,-446,-383,-12839,-12839,-12837,-12836,-12843,-12843,-12845,-12844]} 1. e4 c5 2. Nf3 e6 3. d4 cxd4 4. Nxd4 a6 5. Be3 Nf6 6. Nc3 Qc7 7. Qd2 Bb4 8. f3 d5 9. a3 {B43: Sicilian: Kan Variation: 5 Nc3} (9. Nde2 dxe4 10. a3 Ba5 11. O-O-O Nbd7 12. Bf4 e5 13. Bg5 O-O 14. Ng3 Bxc3 15. bxc3 Qa5 16. Kb2 Nc5 17. Bxf6 {1-0 (68) Nakamura,H (2775)-Van Wely,L (2654) Dubai 2014}) 9... Bxc3 $1 10. Qxc3 Qxc3+ 11. bxc3 {Black is slightly better.} dxe4 12. c4 $146 ({Predecessor:} 12. Be2 Nd5 13. Bd2 e3 14. Bc1 Nxc3 15. Bd3 Nd5 16. c4 Nf4 {0-1 (28) Bella,J (1920)-Palecek,P (2245) Slovakia 2016}) 12... O-O 13. Rb1 Re8 14. Be2 exf3 15. Bxf3 e5 16. Nb3 $1 Nc6 17. Nc5 Na5 18. Rb4 $1 e4 19. Be2 h6 20. Rf1 b5 21. Bxh6 Bg4 22. cxb5 {Hoping for Rxf6!} Bxe2 23. Kxe2 Nd5 24. Rd4 (24. Bd2 $1 $15 Rec8 25. Rxe4 (25. Nxe4 Nxb4 26. axb4 Nc4 $17) 25... Rxc5 {[%mdl 64] Double Attack} 26. Bxa5) 24... Nc3+ $17 {[%mdl 64] [#] Double Attack} 25. Kd2 Nxb5 26. Ra4 Nxa3 27. Ke2 N3c4 28. Bd2 Rac8 $36 {[%mdl 2048] Black is pushing.} 29. Rf5 $1 g6 30. Rg5 Nxd2 31. Kxd2 e3+ 32. Ke2 Nc6 {And now ...Ne5 would win.} 33. Ne4 $1 {[%cal Re4f6]} Re6 {White must now prevent ...f5.} 34. Rg3 $2 {[%mdl 8192] [#]} (34. Rc5 $11) 34... Ne7 $1 $19 35. Rxe3 Nd5 36. Rd3 Nc3+ ({Not} 36... Rxc2+ 37. Kd1 $15) 37. Rxc3 Rxc3 {[%mdl 4096] Endgame KRR-KRN} 38. Kd2 Rcc6 39. c3 Kg7 40. g4 f6 41. Kd3 f5 42. gxf5 gxf5 43. Ng3 Red6+ 44. Kc2 Rd5 {Played: Rc6-c5} 0-1

[Event "75th ARM-ch Women 2020"]
[Site "Yerevan"]
[Date "2020.01.18"]
[Round "7.1"]
[White "Khachatryan, Veronika"]
[Black "Ambarjyan, Tereza"]
[Result "*"]
[WhiteElo "1905"]
[BlackElo "1514"]
[Annotator "NA"]
[PlyCount "41"]
[EventDate "2020.01.12"]
[EventType "tourn"]
[EventCountry "ARM"]
[SourceTitle "playchess.com"]
[Source "ChessBase"]
[SourceQuality "1"]
[TimeControl "40/5400+30:1800+30"]

1. e4 {[%emt 0:00:00]} e5 {[%emt 0:03:32]} 2. Nf3 {[%emt 0:00:00]} Nc6 {[%emt 0:00:08]} 3. Bc4 {[%emt 0:00:00]} Bc5 {[%emt 0:00:04]} 4. b4 {[%emt 0:00:00]} Bb6 {[%emt 0:00:18]} 5. a4 {[%emt 0:00:24]} a6 {[%emt 0:00:36]} 6. O-O {[%emt 0:00:21]} Nf6 {[%emt 0:00:16]} 7. Nc3 {[%emt 0:00:59]} d6 {[%emt 0:00:52]} 8. Nd5 {[%emt 0:03:35]} Nxd5 {[%emt 0:16:06]} 9. exd5 {[%emt 0:00:08]} Nd4 {[%emt 0:09:14]} 10. Nxd4 {[%emt 0:02:41]} Bxd4 {[%emt 0:00:05]} 11. c3 {[%emt 0:00:04]} Ba7 {[%emt 0:00:22]} 12. d4 {[%emt 0:00:08]} O-O {[%emt 0:00:55]} 13. Re1 {[%emt 0:02:28]} Re8 {[%emt 0:02:12]} 14. Ra2 {[%emt 0:01:07]} Qh4 {[%emt 0:03:23]} 15. Be3 {[%emt 0:12:21]} Bd7 {[%emt 0:04:51]} 16. Rae2 {[%emt 0:08:41]} e4 {[%emt 0:09:03]} 17. Ra2 {[%emt 0:05:13]} f5 {[%emt 0:01:39]} 18. Qd2 {[%emt 0:01:50]} Rf8 {[%emt 0:01:11]} 19. Bf4 {[%emt 0:03:11]} h6 {[%emt 0:02:28]} 20. g3 {[%emt 0:00:05]} Qf6 {[%emt 0:02:02]} 21. h4 {[%emt 0:00:12]} *

[Event "75th ARM-ch Women 2020"]
[Site "Yerevan"]
[Date "2020.01.18"]
[Round "7.2"]
[White "Kursova, Maria"]
[Black "Khachatryan, Anna"]
[Result "1-0"]
[WhiteElo "2241"]
[BlackElo "2051"]
[Annotator "ChessBase"]
[PlyCount "67"]
[EventDate "2020.01.12"]
[EventType "tourn"]
[EventCountry "ARM"]
[SourceTitle "playchess.com"]
[Source "ChessBase"]
[SourceQuality "1"]
[TimeControl "40/5400+30:1800+30"]

1. d4 Nf6 2. c4 {[%emt 0:00:00]} g6 {[%emt 0:00:00]} 3. Nc3 {[%emt 0:00:10]} Bg7 {[%emt 0:00:09]} 4. e4 {[%emt 0:00:22]} d6 {[%emt 0:00:09]} 5. Be2 {[%emt 0:00:15]} O-O {[%emt 0:00:22]} 6. Be3 {[%emt 0:00:22]} e5 {[%emt 0:02:59]} 7. d5 {[%emt 0:00:57]} a5 {[%emt 0:09:30]} 8. g4 {[%emt 0:00:58]} Na6 {[%emt 0:01:04]} 9. h4 {[%emt 0:02:02]} Nc5 {[%emt 0:02:31]} 10. f3 {[%emt 0:00:41]} c6 {[%emt 0:04:41]} 11. h5 {[%emt 0:17:07]} cxd5 {[%emt 0:01:59]} 12. cxd5 {[%emt 0:02:11]} Bd7 {[%emt 0:12:31]} 13. Qd2 {[%emt 0:29:53]} Rb8 {[%emt 0:07:00]} 14. Bb5 {[%emt 0:11:36]} a4 {[%emt 0:37:37]} 15. Nge2 {[%emt 0:15:37]} Qe8 {[%emt 0:03:45]} 16. Bxd7 {[%emt 0:00:53]} Qxd7 {[%emt 0:00:02]} 17. Nc1 {[%emt 0:05:41]} Rfc8 {[%emt 0:02:20]} 18. Nd3 {[%emt 0:00:47]} Nxd3+ {[%emt 0:01:02]} 19. Qxd3 {[%emt 0:00:03]} b5 {[%emt 0:00:08]} 20. Kf2 {[%emt 0:01:44]} Ne8 {[%emt 0:03:44]} 21. b4 {[%emt 0:05:13]} Bf6 {[%emt 0:04:35]} 22. a3 {[%emt 0:02:10]} g5 {[%emt 0:02:30]} 23. Rac1 {[%emt 0:00:34]} Bd8 {[%emt 0:01:25]} 24. Ne2 {[%emt 0:01:17]} f6 {[%emt 0:01:16]} 25. Rxc8 {[%emt 0:00:54]} Rxc8 {[%emt 0:00:01]} 26. Rc1 {[%emt 0:00:18]} Rxc1 {[%emt 0:00:24]} 27. Nxc1 {[%emt 0:00:02]} Qb7 {[%emt 0:00:24]} 28. Ke2 {[%emt 0:00:44]} Kf7 {[%emt 0:01:09]} 29. Na2 {[%emt 0:00:08]} Nc7 {[%emt 0:00:27]} 30. Nc3 {[%emt 0:00:36]} Ke8 {[%emt 0:00:23]} 31. Bf2 {[%emt 0:00:14]} Kd7 {[%emt 0:00:35]} 32. Qe3 {[%emt 0:00:17]} Kc8 {[%emt 0:00:39]} 33. Qb6 {[%emt 0:00:34]} Kb8 {[%emt 0:00:33]} 34. Qxd6 {[%emt 0:00:13]} 1-0

[Event "75th ARM-ch Women 2020"]
[Site "Yerevan"]
[Date "2020.01.18"]
[Round "7.2"]
[White "Gaboyan, Susanna"]
[Black "Avetisyan, Mariam"]
[Result "*"]
[WhiteElo "2205"]
[BlackElo "2163"]
[Annotator "ChessBase"]
[PlyCount "26"]
[EventDate "2020.01.12"]
[EventType "tourn"]
[EventCountry "ARM"]
[SourceTitle "playchess.com"]
[Source "ChessBase"]
[SourceQuality "1"]
[TimeControl "40/5400+30:1800+30"]

1. d4 Nf6 2. c4 {[%emt 0:00:00]} g6 {[%emt 0:00:00]} 3. Nc3 {[%emt 0:00:10]} Bg7 {[%emt 0:00:09]} 4. e4 {[%emt 0:00:22]} d6 {[%emt 0:00:09]} 5. Be2 {[%emt 0:00:15]} O-O {[%emt 0:00:22]} 6. Be3 {[%emt 0:00:22]} e5 {[%emt 0:02:59]} 7. d5 {[%emt 0:00:57]} a5 {[%emt 0:09:30]} 8. g4 {[%emt 0:00:58]} Na6 {[%emt 0:01:04]} 9. h4 {[%emt 0:02:02]} Nc5 {[%emt 0:02:31]} 10. f3 {[%emt 0:00:41]} c6 {[%emt 0:04:41]} 11. h5 {[%emt 0:17:07]} cxd5 {[%emt 0:01:59]} 12. cxd5 {[%emt 0:02:11]} Bd7 {[%emt 0:12:31]} 13. Qd2 {[%emt 0:29:53]} Rb8 {[%emt 0:07:00]} *

[Event "75th ARM-ch Women 2020"]
[Site "Yerevan"]
[Date "2020.01.18"]
[Round "7.3"]
[White "Gevorgyan, Maria"]
[Black "Hakobyan, Astghik"]
[Result "1-0"]
[WhiteElo "2187"]
[BlackElo "1917"]
[Annotator "ChessBase"]
[PlyCount "51"]
[EventDate "2020.01.12"]
[EventType "tourn"]
[EventCountry "ARM"]
[SourceTitle "playchess.com"]
[Source "ChessBase"]
[SourceQuality "1"]
[TimeControl "40/5400+30:1800+30"]

1. e4 {[%emt 0:06:38]} c6 {[%emt 0:00:00]} 2. d4 {[%emt 0:01:33]} d5 {[%emt 0:00:00]} 3. Nc3 {[%emt 0:00:17]} dxe4 {[%emt 0:00:00]} 4. Nxe4 {[%emt 0:00:05]} Bf5 {[%emt 0:00:00]} 5. Ng3 {[%emt 0:00:06]} Bg6 {[%emt 0:00:06]} 6. h4 {[%emt 0:00:04]} h6 {[%emt 0:00:06]} 7. Nh3 {[%emt 0:00:04]} e5 {[%emt 0:04:26]} 8. dxe5 {[%emt 0:04:20]} Qa5+ {[%emt 0:01:16]} 9. c3 {[%emt 0:01:11]} Qxe5+ {[%emt 0:01:10]} 10. Be2 {[%emt 0:02:01]} Nd7 {[%emt 0:02:19]} 11. O-O {[%emt 0:04:37]} O-O-O {[%emt 0:03:59]} 12. Qa4 {[%emt 0:01:05]} Bc5 {[%emt 0:04:50]} 13. Bf4 {[%emt 0:00:07]} Qf6 {[%emt 0:00:26]} 14. Rad1 {[%emt 0:06:34]} Nf8 {[%emt 0:19:48]} 15. Rfe1 {[%emt 0:20:56]} Rxd1 {[%emt 0:06:31]} 16. Bxd1 {[%emt 0:11:43]} Ne6 {[%emt 0:02:32]} 17. Bg4 {[%emt 0:02:52]} Qe7 {[%emt 0:12:58]} 18. Qa5 {[%emt 0:04:12]} Bb6 {[%emt 0:16:19]} 19. Qe5 {[%emt 0:00:14]} Kd7 {[%emt 0:05:02]} 20. Qxg7 {[%emt 0:03:04]} f5 {[%emt 0:03:29]} 21. Qxh8 {[%emt 0:01:48]} fxg4 {[%emt 0:00:42]} 22. Qxg8 {[%emt 0:01:29]} gxh3 {[%emt 0:06:50]} 23. Rd1+ {[%emt 0:00:45]} Bd4 {[%emt 0:03:50]} 24. Qxg6 {[%emt 0:00:05]} h2+ {[%emt 0:00:18]} 25. Kh1 {[%emt 0:00:37]} Qf8 {[%emt 0:02:31]} 26. Be3 {[%emt 0:01:49]} 1-0

[Event "75th ARM-ch Women 2020"]
[Site "Yerevan"]
[Date "2020.01.18"]
[Round "7.4"]
[White "Kursova, Maria"]
[Black "Khachatryan, Anna"]
[Result "*"]
[WhiteElo "2241"]
[BlackElo "2051"]
[Annotator "ChessBase"]
[PlyCount "27"]
[EventDate "2020.01.12"]
[EventType "tourn"]
[EventCountry "ARM"]
[SourceTitle "playchess.com"]
[Source "ChessBase"]
[SourceQuality "1"]
[TimeControl "40/5400+30:1800+30"]

1. d4 {[%emt 0:00:24]} Nf6 {[%emt 0:00:00]} 2. Nf3 {[%emt 0:00:18]} e6 {[%emt 0:00:00]} 3. c4 {[%emt 0:00:12]} b6 {[%emt 0:00:20]} 4. Nc3 {[%emt 0:01:09]} Bb7 {[%emt 0:00:09]} 5. Bg5 {[%emt 0:04:21]} Be7 {[%emt 0:04:52]} 6. e3 {[%emt 0:00:13]} h6 {[%emt 0:03:58]} 7. Bh4 {[%emt 0:02:04]} d6 {[%emt 0:04:05]} 8. Bd3 {[%emt 0:01:28]} Nbd7 {[%emt 0:18:51]} 9. O-O {[%emt 0:03:32]} c5 {[%emt 0:09:06]} 10. Rc1 {[%emt 0:06:40]} a6 {[%emt 0:03:22]} 11. Bb1 {[%emt 0:06:03]} O-O {[%emt 0:05:23]} 12. Qd3 {[%emt 0:04:13]} Qc7 {[%emt 0:06:13]} 13. d5 {[%emt 0:04:47]} e5 {[%emt 0:10:24]} 14. Nd2 {[%emt 0:01:47]} *

[Event "75th ARM-ch Women 2020"]
[Site "Yerevan"]
[Date "2020.01.18"]
[Round "7.4"]
[White "Gaboyan, Susanna"]
[Black "Avetisyan, Mariam"]
[Result "1-0"]
[WhiteElo "2205"]
[BlackElo "2163"]
[Annotator "ChessBase"]
[PlyCount "153"]
[EventDate "2020.01.12"]
[EventType "tourn"]
[EventCountry "ARM"]
[SourceTitle "playchess.com"]
[Source "ChessBase"]
[SourceQuality "1"]
[TimeControl "40/5400+30:1800+30"]

1. d4 {[%emt 0:00:24]} Nf6 {[%emt 0:00:00]} 2. Nf3 {[%emt 0:00:18]} e6 {[%emt 0:00:00]} 3. c4 {[%emt 0:00:12]} b6 {[%emt 0:00:20]} 4. Nc3 {[%emt 0:01:09]} Bb7 {[%emt 0:00:09]} 5. Bg5 {[%emt 0:04:21]} Be7 {[%emt 0:04:52]} 6. e3 {[%emt 0:00:13]} h6 {[%emt 0:03:58]} 7. Bh4 {[%emt 0:02:04]} d6 {[%emt 0:04:05]} 8. Bd3 {[%emt 0:01:28]} Nbd7 {[%emt 0:18:51]} 9. O-O {[%emt 0:03:32]} c5 {[%emt 0:09:06]} 10. Rc1 {[%emt 0:06:40]} a6 {[%emt 0:03:22]} 11. Bb1 {[%emt 0:06:03]} O-O {[%emt 0:05:23]} 12. Qd3 {[%emt 0:04:13]} Qc7 {[%emt 0:06:13]} 13. d5 {[%emt 0:04:47]} e5 {[%emt 0:10:24]} 14. Nd2 {[%emt 0:01:47]} g6 {[%emt 0:03:45]} 15. f4 {[%emt 0:01:53]} Qd8 {[%emt 0:03:43]} 16. Bg3 {[%emt 0:15:13]} Nh5 {[%emt 0:09:21]} 17. f5 {[%emt 0:02:34]} Ng7 {[%emt 0:06:27]} 18. Be1 {[%emt 0:11:51]} h5 {[%emt 0:05:05]} 19. h3 {[%emt 0:06:21]} f6 {[%emt 0:01:15]} 20. fxg6 {[%emt 0:02:21]} f5 {[%emt 0:00:05]} 21. g4 {[%emt 0:00:27]} fxg4 {[%emt 0:03:01]} 22. hxg4 {[%emt 0:00:48]} Rxf1+ {[%emt 0:00:57]} 23. Qxf1 {[%emt 0:00:51]} Qf8 {[%emt 0:00:08]} 24. Bf5 {[%emt 0:05:34]} Bc8 {[%emt 0:00:35]} 25. Nde4 {[%emt 0:02:52]} hxg4 {[%emt 0:00:38]} 26. Bxg4 {[%emt 0:03:03]} Qxf1+ {[%emt 0:00:04]} 27. Kxf1 {[%emt 0:00:04]} Nf8 {[%emt 0:00:30]} 28. Bxc8 {[%emt 0:02:07]} Rxc8 {[%emt 0:00:03]} 29. Ke2 {[%emt 0:00:30]} Nxg6 {[%emt 0:00:34]} 30. a4 {[%emt 0:02:47]} Rb8 {[%emt 0:00:44]} 31. Ra1 {[%emt 0:00:35]} Nf5 {[%emt 0:00:33]} 32. Ra3 {[%emt 0:00:33]} Bd8 {[%emt 0:00:31]} 33. Rb3 {[%emt 0:00:27]} Bc7 {[%emt 0:00:05]} 34. Ng5 {[%emt 0:04:32]} Nf8 {[%emt 0:00:32]} 35. Nce4 {[%emt 0:00:03]} Kg7 {[%emt 0:00:51]} 36. Ra3 {[%emt 0:01:27]} a5 {[%emt 0:00:47]} 37. Nc3 {[%emt 0:00:19]} Rb7 {[%emt 0:00:50]} 38. Rb3 {[%emt 0:00:49]} Kg6 {[%emt 0:00:35]} 39. Nge4 {[%emt 0:00:36]} Nd7 {[%emt 0:00:15]} 40. Nb5 {[%emt 0:00:00]} Bb8 {[%emt 0:00:00]} 41. Kd3 {[%emt 0:03:37]} Kh6 {[%emt 0:11:56]} 42. Rc3 {[%emt 0:00:25]} Nf8 {[%emt 0:01:34]} 43. Rc2 {[%emt 0:00:35]} Rf7 {[%emt 0:05:14]} 44. Rf2 {[%emt 0:04:53]} Kg6 {[%emt 0:01:13]} 45. Rf1 {[%emt 0:00:14]} Nd7 {[%emt 0:05:08]} 46. Rg1+ {[%emt 0:04:31]} Kh6 {[%emt 0:00:25]} 47. Rh1+ {[%emt 0:00:32]} Kg6 {[%emt 0:00:15]} 48. Bh4 {[%emt 0:01:08]} Rf8 {[%emt 0:03:59]} 49. Rg1+ {[%emt 0:04:09]} Kf7 {[%emt 0:01:14]} 50. Rf1 {[%emt 0:00:26]} Kg6 {[%emt 0:00:03]} 51. Be1 {[%emt 0:06:01]} Rf7 {[%emt 0:00:23]} 52. b3 {[%emt 0:02:04]} Kh6 {[%emt 0:03:35]} 53. Rg1 {[%emt 0:05:29]} Nf8 {[%emt 0:01:00]} 54. Rg4 {[%emt 0:03:40]} Rg7 {[%emt 0:00:42]} 55. Rxg7 {[%emt 0:01:25]} Kxg7 {[%emt 0:00:04]} 56. Ng5 {[%emt 0:01:36]} Kf6 {[%emt 0:00:56]} 57. Nf3 {[%emt 0:00:03]} Ng6 {[%emt 0:00:24]} 58. Ke4 {[%emt 0:00:29]} Ng7 {[%emt 0:01:05]} 59. Bh4+ {[%emt 0:00:31]} Nxh4 {[%emt 0:00:06]} 60. Nxh4 {[%emt 0:00:05]} Kg5 {[%emt 0:00:35]} 61. Nf3+ {[%emt 0:00:16]} Kf6 {[%emt 0:00:23]} 62. Nd2 {[%emt 0:00:43]} Nf5 {[%emt 0:00:18]} 63. Kf3 {[%emt 0:00:06]} Kg5 {[%emt 0:01:08]} 64. Ne4+ {[%emt 0:02:21]} Kg6 {[%emt 0:00:04]} 65. Nf2 {[%emt 0:00:31]} Nh4+ {[%emt 0:00:21]} 66. Ke4 {[%emt 0:00:48]} Kg5 {[%emt 0:00:50]} 67. Kd3 {[%emt 0:00:31]} Kf5 {[%emt 0:00:14]} 68. Ne4 {[%emt 0:00:13]} Kg4 {[%emt 0:01:25]} 69. Nexd6 {[%emt 0:00:07]} Kf3 {[%emt 0:00:14]} 70. Ne4 {[%emt 0:00:37]} Ng6 {[%emt 0:00:52]} 71. d6 {[%emt 0:00:29]} Nf8 {[%emt 0:00:07]} 72. Nf6 {[%emt 0:00:05]} e4+ {[%emt 0:00:37]} 73. Kd2 {[%emt 0:00:43]} Ne6 {[%emt 0:00:45]} 74. Nd7 {[%emt 0:00:09]} Bxd6 {[%emt 0:00:26]} 75. Nxd6 {[%emt 0:00:05]} Ng5 {[%emt 0:00:07]} 76. Nxb6 {[%emt 0:00:14]} Kf2 {[%emt 0:00:06]} 77. Nd5 {[%emt 0:00:10]} 1-0

[Event "75th ARM-ch Women 2020"]
[Site "Yerevan"]
[Date "2020.01.18"]
[Round "7.5"]
[White "Arakelyan, Nare"]
[Black "Ghukasyan, Siranush"]
[Result "*"]
[WhiteElo "1913"]
[BlackElo "2246"]
[Annotator "ChessBase"]
[PlyCount "27"]
[EventDate "2020.01.12"]
[EventType "tourn"]
[EventCountry "ARM"]
[SourceTitle "playchess.com"]
[Source "ChessBase"]
[SourceQuality "1"]
[TimeControl "40/5400+30:1800+30"]

1. d4 {[%emt 0:00:00]} Nf6 {[%emt 0:00:29]} 2. Bf4 {[%emt 0:00:00]} e6 {[%emt 0:02:33]} 3. e3 {[%emt 0:00:07]} d5 {[%emt 0:00:07]} 4. Nf3 {[%emt 0:00:34]} c5 {[%emt 0:00:14]} 5. c3 {[%emt 0:00:06]} Nc6 {[%emt 0:00:07]} 6. Nbd2 {[%emt 0:00:47]} Be7 {[%emt 0:07:08]} 7. Bd3 {[%emt 0:00:47]} O-O {[%emt 0:02:19]} 8. Ne5 {[%emt 0:00:14]} Qb6 {[%emt 0:06:23]} 9. Rb1 {[%emt 0:06:07]} Ne8 {[%emt 0:12:47]} 10. h4 {[%emt 0:12:39]} f5 {[%emt 0:04:56]} 11. g4 {[%emt 0:05:16]} Qd8 {[%emt 0:11:12]} 12. g5 {[%emt 0:04:14]} Nxe5 {[%emt 0:12:22]} 13. dxe5 {[%emt 0:00:21]} Nc7 {[%emt 0:01:20]} 14. Rg1 {[%emt 0:11:49]} *

[Event "75th ARM-ch Women 2020"]
[Site "Yerevan"]
[Date "2020.01.18"]
[Round "7.5"]
[White "Khachatryan, Veronika"]
[Black "Ambarjyan, Tereza"]
[Result "1-0"]
[WhiteElo "1905"]
[BlackElo "1514"]
[Annotator "NA"]
[PlyCount "57"]
[EventDate "2020.01.12"]
[EventType "tourn"]
[EventCountry "ARM"]
[SourceTitle "playchess.com"]
[Source "ChessBase"]
[SourceQuality "1"]
[TimeControl "40/5400+30:1800+30"]

1. d4 {[%emt 0:00:00]} Nf6 {[%emt 0:00:29]} 2. Bf4 {[%emt 0:00:00]} e6 {[%emt 0:02:33]} 3. e3 {[%emt 0:00:07]} d5 {[%emt 0:00:07]} 4. Nf3 {[%emt 0:00:34]} c5 {[%emt 0:00:14]} 5. c3 {[%emt 0:00:06]} Nc6 {[%emt 0:00:07]} 6. Nbd2 {[%emt 0:00:47]} Be7 {[%emt 0:07:08]} 7. Bd3 {[%emt 0:00:47]} O-O {[%emt 0:02:19]} 8. Ne5 {[%emt 0:00:14]} Qb6 {[%emt 0:06:23]} 9. Rb1 {[%emt 0:06:07]} Ne8 {[%emt 0:12:47]} 10. h4 {[%emt 0:12:39]} f5 {[%emt 0:04:56]} 11. g4 {[%emt 0:05:16]} Qd8 {[%emt 0:11:12]} 12. g5 $14 {[%emt 0:04:14]} Nxe5 {[%emt 0:12:22]} 13. dxe5 {[%emt 0:00:21]} Nc7 {[%emt 0:01:20]} 14. Rg1 {[%emt 0:11:49]} Qe8 {[%emt 0:05:31]} 15. g6 {[%emt 0:05:03]} hxg6 {[%emt 0:05:08]} 16. h5 {[%emt 0:00:09]} g5 {[%emt 0:01:50]} 17. Bxg5 {[%emt 0:01:49]} Bxg5 {[%emt 0:03:42]} 18. Rxg5 {[%emt 0:00:03]} Kf7 {[%emt 0:00:44]} 19. Qf3 {[%emt 0:09:52]} Bd7 {[%emt 0:03:27]} 20. Qg3 {[%emt 0:17:33]} Rg8 {[%emt 0:00:22]} 21. Be2 {[%emt 0:00:42]} Bb5 {[%emt 0:07:50]} 22. h6 {[%emt 0:01:36]} g6 {[%emt 0:04:10]} 23. h7 {[%emt 0:00:07]} Rh8 {[%emt 0:03:08]} 24. Bh5 {[%emt 0:06:51]} gxh5 {[%emt 0:03:37]} 25. Rg7+ {[%emt 0:00:08]} Kf8 {[%emt 0:00:03]} 26. Rg8+ {[%emt 0:01:12]} Ke7 {[%emt 0:00:06]} 27. Qg7+ {[%emt 0:00:09]} Qf7 {[%emt 0:00:50]} 28. Qxh8 {[%emt 0:00:05]} Qg6 {[%emt 0:00:54]} 29. Rg7+ {[%emt 0:00:15]} 1-0

[Event "75th ARM-ch Women 2020"]
[Site "Yerevan"]
[Date "2020.01.19"]
[Round "8.1"]
[White "Avetisyan, Mariam"]
[Black "Ghukasyan, Siranush"]
[Result "1/2-1/2"]
[WhiteElo "2163"]
[BlackElo "2246"]
[Annotator "NA"]
[PlyCount "38"]
[EventDate "2020.01.12"]
[EventType "tourn"]
[EventCountry "ARM"]
[SourceTitle "playchess.com"]
[Source "ChessBase"]
[SourceQuality "1"]
[TimeControl "40/5400+30:1800+30"]

1. d4 {[%emt 0:00:00]} d5 {[%emt 0:00:06]} 2. c4 {[%emt 0:00:00]} c6 {[%emt 0:00:14]} 3. cxd5 {[%emt 0:00:00]} cxd5 {[%emt 0:00:05]} 4. Bf4 {[%emt 0:00:00]} Nc6 {[%emt 0:00:23]} 5. e3 {[%emt 0:00:00]} Bf5 {[%emt 0:00:42]} 6. Nc3 {[%emt 0:00:22]} Nf6 {[%emt 0:00:06]} 7. Qb3 {[%emt 0:00:08]} Na5 {[%emt 0:00:06]} 8. Qa4+ {[%emt 0:00:04]} Bd7 {[%emt 0:00:05]} 9. Qc2 {[%emt 0:00:09]} e6 {[%emt 0:00:24]} 10. Bd3 {[%emt 0:00:42]} Rc8 {[%emt 0:02:25]} 11. Nf3 {[%emt 0:00:41]} Be7 {[%emt 0:01:35]} 12. O-O {[%emt 0:01:03]} b5 {[%emt 0:02:44]} 13. a3 {[%emt 0:10:07]} O-O {[%emt 0:00:35]} 14. Ne5 {[%emt 0:10:21]} a6 {[%emt 0:02:10]} 15. Rac1 {[%emt 0:12:53]} Bc6 {[%emt 0:04:01]} 16. Qe2 {[%emt 0:10:30]} Bb7 {[%emt 0:02:19]} 17. Qf3 {[%emt 0:14:17]} Nc4 {[%emt 0:05:34]} 18. Nxc4 {[%emt 0:04:08]} bxc4 {[%emt 0:00:07]} 19. Bb1 {[%emt 0:04:40]} Bc6 {[%emt 0:25:31]} 1/2-1/2